Top 30 countries by GMI (militarization index) - Statistics

General Stats
  • This quiz has been taken 675 times
  • The average score is 19 of 30
Answer Stats
Hint Answer % Correct
Europe Russia
95%
Europe Ukraine
88%
Americas USA
88%
Asia Iran
87%
Asia Israel
85%
Asia South Korea
82%
Asia Saudi Arabia
80%
Asia Oman
74%
Asia Qatar
74%
Asia Lebanon
73%
Asia Kuwait
72%
Asia Jordan
70%
Europe Belarus
69%
Asia Bahrain
68%
Asia Azerbaijan
65%
Asia Armenia
64%
Europe Finland
63%
Europe Greece
62%
Europe Estonia
61%
Asia Singapore
59%
Europe Lithuania
58%
Europe Serbia
57%
Africa Algeria
55%
Africa Morocco
53%
Asia Brunei
46%
Asia Cambodia
46%
Asia Cyprus
45%
Asia Mongolia
40%
Africa Togo
15%
Africa Botswana
12%
No matching quizzes found
Score Distribution
Percent of People with Each Score
Percentile by Number Answered
Your Score History
You have not taken this quiz